| 000 | 00618cam a22002291a 4500 | ||
|---|---|---|---|
| 001 | sa 64000001 | ||
| 003 | DLC | ||
| 005 | 20260227111952.0 | ||
| 008 | 830727s1959 ii b b 000 0 eng | ||
| 010 | _asa 64000001 | ||
| 035 | _a(OCoLC)9744562 | ||
| 040 |
_aDLC _cOOxM _dOOxM _dDLC |
||
| 042 | _apremarc | ||
| 050 | 0 | 0 |
_aDS461 _b.S7 1959 |
| 100 | 1 | _aSrivastava, Ashirbadi Lal. | |
| 245 | 1 | 4 | _aThe Mughal empire, 1526-1803 A.D. |
| 250 | _a3rd rev. ed. | ||
| 260 |
_aAgra, _bS.L. Agarwala _c[1959] |
||
| 300 |
_axvi, 614 p. _bfold. maps. _c23 cm. |
||
| 500 | _aIncludes bibliographies. | ||
| 651 | 0 | _aMogul Empire. | |
| 999 |
_c55963 _d55963 |
||